000 00441nam a22001577a 4500
999 _c257161
_d257160
003 OSt
005 20180815095421.0
008 180815b xxu||||| |||| 00| 0 eng d
020 _a0553493981
040 _cn/a
050 _aPS3560
_b.M37 2002
100 _aLynn Mason
245 _aAlias ; recruited
_b/an original prequel novel based on the hit series created by J.J. Abrams
260 _aNew York
_bBantam Books
_c2002
942 _2lcc
_cBK